<?xml version="1.0" encoding="UTF-8"?><?xml-stylesheet type="text/xsl" href="static/style.xsl"?><OAI-PMH xmlns="http://www.openarchives.org/OAI/2.0/" xmlns:xsi="http://www.w3.org/2001/XMLSchema-instance" xsi:schemaLocation="http://www.openarchives.org/OAI/2.0/ http://www.openarchives.org/OAI/2.0/OAI-PMH.xsd"><responseDate>2026-04-18T02:54:11Z</responseDate><request verb="GetRecord" identifier="oai:riubu.ubu.es:10259/10127" metadataPrefix="marc">https://riubu.ubu.es/oai/request</request><GetRecord><record><header><identifier>oai:riubu.ubu.es:10259/10127</identifier><datestamp>2025-02-01T01:05:38Z</datestamp><setSpec>com_10259_4809</setSpec><setSpec>com_10259_5086</setSpec><setSpec>com_10259_2604</setSpec><setSpec>col_10259_4810</setSpec></header><metadata><record xmlns="http://www.loc.gov/MARC21/slim" xmlns:doc="http://www.lyncode.com/xoai" xmlns:xsi="http://www.w3.org/2001/XMLSchema-instance" xmlns:dcterms="http://purl.org/dc/terms/" xsi:schemaLocation="http://www.loc.gov/MARC21/slim http://www.loc.gov/standards/marcxml/schema/MARC21slim.xsd">
<leader>00925njm 22002777a 4500</leader>
<datafield tag="042" ind1=" " ind2=" ">
<subfield code="a">dc</subfield>
</datafield>
<datafield tag="720" ind1=" " ind2=" ">
<subfield code="a">Ríos, José D.</subfield>
<subfield code="e">author</subfield>
</datafield>
<datafield tag="720" ind1=" " ind2=" ">
<subfield code="a">Mínguez Algarra, Jesús</subfield>
<subfield code="e">author</subfield>
</datafield>
<datafield tag="720" ind1=" " ind2=" ">
<subfield code="a">Martínez de la Concha, Antonio</subfield>
<subfield code="e">author</subfield>
</datafield>
<datafield tag="720" ind1=" " ind2=" ">
<subfield code="a">Vicente Cabrera, Miguel Ángel</subfield>
<subfield code="e">author</subfield>
</datafield>
<datafield tag="720" ind1=" " ind2=" ">
<subfield code="a">Cifuentes, Héctor</subfield>
<subfield code="e">author</subfield>
</datafield>
<datafield tag="260" ind1=" " ind2=" ">
<subfield code="c">2020-11</subfield>
</datafield>
<datafield tag="520" ind1=" " ind2=" ">
<subfield code="a">This paper analyses the influence of the presence of polypropylene fibres in the microstructure of a high-strength self-compacting concrete by X-ray computed tomography and its consequences on the mechanical and fracture properties. The addition of PP fibres alters the pore structure of the concrete matrix, and this affects the macroscopic response (i.e., mechanical and fracture behaviour). A microstructural analysis of an unreinforced concrete, used as reference mix, and two polypropylene fibre-reinforced mixes with two fibre length (6 and 24 mm) were experimentally carried out. Complementary, a comprehensive experimental study of the mechanical and fracture properties of each concrete were performed. Finally, it was established a correlation between the microscopic response (pore morphology and pore distribution) and the macroscopic behaviour of high-strength self-compacting concrete.</subfield>
</datafield>
<datafield tag="024" ind2=" " ind1="8">
<subfield code="a">0950-0618</subfield>
</datafield>
<datafield tag="024" ind2=" " ind1="8">
<subfield code="a">http://hdl.handle.net/10259/10127</subfield>
</datafield>
<datafield tag="024" ind2=" " ind1="8">
<subfield code="a">10.1016/j.conbuildmat.2020.120499</subfield>
</datafield>
<datafield ind1=" " ind2=" " tag="653">
<subfield code="a">High-strength concrete</subfield>
</datafield>
<datafield ind1=" " ind2=" " tag="653">
<subfield code="a">Polypropylene</subfield>
</datafield>
<datafield ind1=" " ind2=" " tag="653">
<subfield code="a">Fracture mechanic</subfield>
</datafield>
<datafield ind1=" " ind2=" " tag="653">
<subfield code="a">X-ray computed tomography</subfield>
</datafield>
<datafield ind1=" " ind2=" " tag="653">
<subfield code="a">Microstructure</subfield>
</datafield>
<datafield tag="245" ind1="0" ind2="0">
<subfield code="a">Microstructural analyses of the addition of PP fibres on the fracture properties of high-strength self-compacting concrete by X-ray computed tomography</subfield>
</datafield>
</record></metadata></record></GetRecord></OAI-PMH>